La geometría en la arquitectura / (Registro nro. 454)
[ vista simple ]
| 000 -LEADER | |
|---|---|
| fixed length control field | 01476nam a2200265Ia 4500 |
| 003 - CONTROL NUMBER IDENTIFIER | |
| control field | PE SENCICO BE |
| 005 - DATE AND TIME OF LATEST TRANSACTION | |
| control field | 20251020182438.0 |
| 008 - FIXED-LENGTH DATA ELEMENTS--GENERAL INFORMATION | |
| fixed length control field | 200515s9999 xx 000 0 und d |
| 020 ## - INTERNATIONAL STANDARD BOOK NUMBER | |
| International Standard Book Number | 968-24-4141-2 |
| 040 ## - CATALOGING SOURCE | |
| Original cataloging agency | PE SENCICO BE |
| Transcribing agency | PE SENCICO BE |
| 041 ## - LANGUAGE CODE | |
| Language code of text/sound track or separate title | spa |
| 082 ## - DEWEY DECIMAL CLASSIFICATION NUMBER | |
| Classification number | 516 |
| Item number | B57 |
| 100 1# - MAIN ENTRY--PERSONAL NAME | |
| Personal name | Blackwell, William |
| 9 (RLIN) | 3201 |
| Relator term | autor |
| 245 10 - TITLE STATEMENT | |
| Title | La geometría en la arquitectura / |
| Statement of responsibility, etc. | William Blackwell |
| 250 ## - EDITION STATEMENT | |
| Edition statement | 1a ed. |
| 260 ## - PUBLICATION, DISTRIBUTION, ETC. | |
| Place of publication, distribution, etc. | México, D.F. : |
| Name of publisher, distributor, etc. | Trillas ; |
| Date of publication, distribution, etc. | 1991 |
| 300 ## - PHYSICAL DESCRIPTION | |
| Extent | 197 páginas : |
| Other physical details | ilustraciones, gráficos ; |
| Dimensions | 27 cm. |
| 505 0# - FORMATTED CONTENTS NOTE | |
| Formatted contents note | Polígonos regulares -- El triángulo equilátero y el hexágono -- El cuadrado, el octágono y la progresión de los cuartos -- El pentágono y el decágono -- El triángulo 3-4-5 y otros triángulos rectángulos -- Los rectángulos -- El diamante y la diagonal -- El círculo, el semicirculo y otras curvas -- El área de superficie y contención volúmétrica -- Prirmas y antiprismas -- Las pirámides y conos -- Los sólidos clásicos -- Cúpulas, esferas y hemísferos |
| 520 3# - SUMMARY, ETC. | |
| Summary, etc. | La geometría en el espacio tridimensional que se forma dentro de los objetos construidos, es el tema central de este libro. Comienza con un resumen de los principios básicos de la geometría y continúa con nuevos conceptos y observaciones de interés. |
| 650 10 - SUBJECT ADDED ENTRY--TOPICAL TERM | |
| Topical term or geographic name entry element | Geometría |
| 9 (RLIN) | 21 |
| 650 20 - SUBJECT ADDED ENTRY--TOPICAL TERM | |
| Topical term or geographic name entry element | Arquitectura |
| 9 (RLIN) | 49 |
| 650 20 - SUBJECT ADDED ENTRY--TOPICAL TERM | |
| Topical term or geographic name entry element | Polígonos |
| 9 (RLIN) | 3141 |
| 650 20 - SUBJECT ADDED ENTRY--TOPICAL TERM | |
| Topical term or geographic name entry element | Geometría en la arquitectura |
| 9 (RLIN) | 447 |
| 942 ## - ADDED ENTRY ELEMENTS (KOHA) | |
| Koha item type | Libros |
| Source of classification or shelving scheme | Dewey Decimal Classification |
| Fecha de la última vez que lo usaron | Número de ingreso o de inventario | Pago total | Signatura topográfica completa | Código de barras | Precio efectivo desde | Tipo de documento | Estado perdido | Sistema de clasificación | Estado dañado | No es para préstamo | Retirado | Ubicación permanente | Ubicación actual | Fecha de adquisición |
|---|---|---|---|---|---|---|---|---|---|---|---|---|---|---|
| 15/05/2020 | 4995 | 516/B57 | BibLima25070019 | 15/05/2020 | Libros | Dewey Decimal Classification | Biblioteca Central Lima | Biblioteca Central Lima | 15/05/2020 |